[Event "Quebec op U2000"]
[Site "Montreal CAN"]
[Date "2016.07.28"]
[Round "7.3"]
[White "Pare, Marc"]
[Black "Langlois-Remillard, Alexis"]
[Result "1-0"]
[WhiteElo "1867"]
[BlackElo "1850"]
[PlyCount "51"]
[EventDate "2016.07.23"]
[EventType "swiss"]
[EventRounds "8"]
[EventCountry "CAN"]

1. e4 e6 2. Nf3 d5 3. Nc3 Nf6 4. exd5 exd5 5. d4 h6 6. Bd3 Bd6 7. Ne5 c5 8.
Bb5+ Bd7 9. Nxd7 Nbxd7 10. dxc5 Bxc5 11. O-O a6 12. Re1+ Be7 13. Bf4 O-O 14.
Nxd5 Nxd5 15. Qxd5 axb5 16. Rad1 Bb4 17. c3 Bxc3 18. bxc3 Nf6 19. Qxb5 Qc8 20.
Qb3 Qc6 21. Be5 Rfc8 22. h3 Ne4 23. Bd4 Nxc3 24. Bxc3 Qxc3 25. Rd8+ Kh7 26.
Qxc3 1-0

[Event "Quebec op U2000"]
[Site "Montreal CAN"]
[Date "2016.07.28"]
[Round "7.4"]
[White "Shah, Omar"]
[Black "Filiatrault, Marc"]
[Result "0-1"]
[WhiteElo "1973"]
[BlackElo "1871"]
[PlyCount "106"]
[EventDate "2016.07.23"]
[EventType "swiss"]
[EventRounds "8"]
[EventCountry "CAN"]

1. e4 c5 2. Nf3 d6 3. d4 cxd4 4. Nxd4 Nf6 5. Nc3 a6 6. Be3 e5 7. Nb3 Be6 8. f3
Be7 9. Qd2 Qc7 10. O-O-O Nbd7 11. Qf2 b5 12. Kb1 Rc8 13. g4 O-O 14. h4 Nc5 15.
Nxc5 dxc5 16. g5 Nh5 17. Bh3 Rcd8 18. Bg4 Nf4 19. Bxf4 exf4 20. g6 b4 21. gxf7+
Bxf7 22. Nd5 Bxd5 23. exd5 c4 24. Qe2 c3 25. Qe6+ Kh8 26. Qc6 Qd6 27. Rhe1 Bxh4
28. Re6 Qxc6 29. Rxc6 h5 30. Be6 Rf6 31. Rd3 Rg6 32. Rd1 Be7 33. Rxa6 h4 34.
Rc6 h3 35. Rh1 Rh6 36. bxc3 bxc3 37. Rxc3 h2 38. Rc8 Rxc8 39. Bxc8 Bc5 40. a4
Bg1 41. a5 Kg8 42. Kb2 Kf7 43. Kb3 Ke7 44. c4 Kd6 45. Kb4 Ke5 46. Kb5 g5 47.
Be6 Kd6 48. Bc8 Rh7 49. a6 Rh8 50. Bb7 g4 51. fxg4 f3 52. g5 f2 53. c5+ Ke5 0-1

[Event "Quebec op U2000"]
[Site "Montreal CAN"]
[Date "2016.07.28"]
[Round "7.5"]
[White "Liu, Yu Qing"]
[Black "De Lagrave, Sylvain"]
[Result "0-1"]
[WhiteElo "1821"]
[BlackElo "1895"]
[PlyCount "84"]
[EventDate "2016.07.23"]
[EventType "swiss"]
[EventRounds "8"]
[EventCountry "CAN"]

1. e4 c5 2. Nf3 d6 3. d4 cxd4 4. Nxd4 Nf6 5. Nc3 a6 6. Qf3 Nbd7 7. Be3 Qc7 8.
Be2 b5 9. a3 Bb7 10. g3 Ne5 11. Qg2 Nc4 12. Bc1 g6 13. O-O Bg7 14. Rd1 O-O 15.
Bd3 Rac8 16. h3 Rfd8 17. Bxc4 Qxc4 18. Bg5 h6 19. Bxf6 Bxf6 20. Nde2 a5 21. Qf3
b4 22. axb4 axb4 23. Nd5 Bxd5 24. Rxd5 Bxb2 25. Ra7 Rc7 26. Rxc7 Qxc7 27. Qb3
Bc3 28. Rd3 Be5 29. Rf3 e6 30. Nf4 Bxf4 31. gxf4 Ra8 32. c3 bxc3 33. Rxc3 Qd7
34. Rg3 d5 35. f5 exf5 36. exd5 f4 37. Rg4 Qf5 38. Qf3 Ra1+ 39. Kg2 g5 40. h4
Qb1 41. Kh2 f5 42. Rxg5+ hxg5 0-1

[Event "Quebec op U2000"]
[Site "Montreal CAN"]
[Date "2016.07.28"]
[Round "7.6"]
[White "Jacques, Simon"]
[Black "Weston, Paul"]
[Result "1-0"]
[WhiteElo "1625"]
[BlackElo "1893"]
[PlyCount "95"]
[EventDate "2016.07.23"]
[EventType "swiss"]
[EventRounds "8"]
[EventCountry "CAN"]

1. e4 d6 2. f4 g6 3. d4 Bg7 4. Nf3 Nf6 5. Bd3 O-O 6. O-O Na6 7. c3 c5 8. a3 b6
9. Qe2 Nc7 10. f5 e5 11. fxg6 hxg6 12. dxe5 dxe5 13. Bg5 Ne6 14. Bc4 Qc7 15.
Nbd2 Nh5 16. Qf2 a6 17. Qh4 Ra7 18. g4 Nhf4 19. Bxf4 exf4 20. Ng5 Nxg5 21. Qxg5
Qd6 22. Nf3 Qf6 23. Qxf6 Bxf6 24. g5 Bd8 25. h4 b5 26. Bd5 Bb6 27. Ne5 c4+ 28.
Kg2 Bb7 29. Nd7 Bxd5 30. Nf6+ Kg7 31. Nxd5 Be3 32. Nxe3 fxe3 33. Kf3 Rd7 34.
Rad1 Rfd8 35. Rxd7 Rxd7 36. Re1 Kf8 37. Rxe3 Rd1 38. Re2 Rh1 39. Kg3 Ke7 40.
Rh2 Re1 41. Kf4 Ke6 42. h5 gxh5 43. Rxh5 Re2 44. Rh6+ Ke7 45. Rxa6 Rxb2 46. Ke5
Rb3 47. Ra7+ Kf8 48. Kf6 1-0

[Event "Quebec op U2000"]
[Site "Montreal CAN"]
[Date "2016.07.28"]
[Round "7.7"]
[White "Zhong, Wenxuan"]
[Black "Blanchet, Robert"]
[Result "0-1"]
[WhiteElo "1821"]
[BlackElo "1767"]
[PlyCount "138"]
[EventDate "2016.07.23"]
[EventType "swiss"]
[EventRounds "8"]
[EventCountry "CAN"]

1. e4 c5 2. Nf3 d6 3. d4 cxd4 4. Nxd4 Nf6 5. Nc3 a6 6. Bg5 e6 7. f4 Qc7 8. Qf3
Nc6 9. Nb3 Be7 10. O-O-O Bd7 11. g4 Rc8 12. h4 Nb4 13. Kb1 h6 14. Bxf6 Bxf6 15.
Nd4 Qb6 16. Nb3 a5 17. a4 Bxc3 18. bxc3 Na6 19. Rd4 Nc5 20. Bb5 Bxb5 21. axb5
Qxb5 22. Ka2 Na4 23. Rd3 Qc4 24. Rh3 e5 25. fxe5 dxe5 26. Qf5 O-O 27. Qxe5 b5
28. Qd5 Nb6 29. Qd4 a4 30. Qxb6 axb3+ 31. cxb3 Qxe4 32. Qe3 Ra8+ 33. Kb2 Qg2+
34. Qd2 Qf1 35. Qd1 Qf2+ 36. Rd2 Qa7 37. Qb1 Rfc8 38. g5 b4 39. c4 Qa3+ 40. Kc2
Rxc4+ 41. bxc4 Qxh3 42. Qxb4 Ra2+ 43. Kb1 Rxd2 44. Qxd2 Qb3+ 45. Qb2 Qxc4 46.
gxh6 Qd3+ 47. Ka2 Qa6+ 48. Kb1 Qxh6 49. Qd4 Qc6 50. Kb2 Kh7 51. Qg4 Qc5 52.
Qe4+ g6 53. Qf4 Kg7 54. Qg4 Qe3 55. Kc2 Kh6 56. Qc4 f5 57. Qg8 Qf2+ 58. Kd3
Qxh4 59. Qf8+ Kh5 60. Qh8+ Kg4 61. Qd4+ Kh3 62. Qg7 Qe4+ 63. Kd2 f4 64. Qh6+
Kg4 65. Qh2 g5 66. Qg1+ Kh3 67. Qf1+ Qg2+ 68. Qxg2+ Kxg2 69. Ke2 f3+ 0-1

[Event "Quebec op U2000"]
[Site "Montreal CAN"]
[Date "2016.07.28"]
[Round "7.8"]
[White "Lamoureux, Yvon"]
[Black "Marcone, Malcom"]
[Result "1-0"]
[WhiteElo "1663"]
[BlackElo "1806"]
[PlyCount "83"]
[EventDate "2016.07.23"]
[EventType "swiss"]
[EventRounds "8"]
[EventCountry "CAN"]

1. e4 c5 2. Nf3 Nc6 3. d4 cxd4 4. Nxd4 e5 5. Nb5 d6 6. N1c3 a6 7. Na3 Be7 8.
Nd5 Be6 9. c3 f5 10. Nc4 Bxd5 11. exd5 Nb8 12. g4 b5 13. Nd2 Nh6 14. gxf5 Nxf5
15. Bd3 O-O 16. Qg4 Qd7 17. Rg1 g6 18. Ne4 Nh4 19. Qxd7 Nxd7 20. Be2 Nb6 21.
Bh6 Nf3+ 22. Bxf3 Rxf3 23. O-O-O Rh3 24. Bg5 Bxg5+ 25. Rxg5 Rxh2 26. Nxd6 Rd8
27. Ne4 Nc4 28. b3 Nd6 29. Nxd6 Rxd6 30. Rd2 Rh4 31. Rxe5 Kf7 32. Rde2 a5 33.
Kc2 h5 34. Kd3 Rg4 35. c4 bxc4+ 36. bxc4 h4 37. R2e3 Kf6 38. c5 Rd8 39. c6 Rc8
40. Re6+ Kf7 41. Re7+ Kf8 42. c7 1-0

[Event "Quebec op U2000"]
[Site "Montreal CAN"]
[Date "2016.07.28"]
[Round "7.10"]
[White "Gilbert, Erick"]
[Black "Desmarais, Serge"]
[Result "1-0"]
[WhiteElo "1803"]
[BlackElo "1743"]
[PlyCount "153"]
[EventDate "2016.07.23"]
[EventType "swiss"]
[EventRounds "8"]
[EventCountry "CAN"]

1. Nf3 Nf6 2. c4 c5 3. Nc3 d5 4. cxd5 Nxd5 5. g3 Nc6 6. Bg2 e6 7. O-O Be7 8. a3
Bf6 9. e4 Nxc3 10. dxc3 O-O 11. Be3 Qe7 12. Qb3 e5 13. Qd5 Be6 14. Qxc5 Rac8
15. Qxe7 Bxe7 16. Nd2 Rfd8 17. Rfe1 b6 18. Bf1 Na5 19. Rac1 Rd7 20. Bb5 Rdc7
21. f4 f6 22. Nf3 Bg4 23. Nd2 Be6 24. f5 Bf7 25. Kf2 Kf8 26. Kf3 Bd6 27. g4 h6
28. h4 Ke7 29. Rh1 Bc5 30. Bxc5+ bxc5 31. Rc2 c4 32. Rh2 Rb8 33. Ba4 Rd8 34.
Nf1 Rd3+ 35. Ne3 Rc8 36. Rce2 Rb8 37. Rd2 Rbd8 38. Rxd3 Rxd3 39. Ke2 Rd8 40.
Ke1 a6 41. Rg2 Nb7 42. Bc6 Nc5 43. Bd5 Nd3+ 44. Kd1 Nf4 45. Rd2 Bxd5 46. exd5
Rc8 47. Kc2 Kd6 48. b3 cxb3+ 49. Kxb3 Kc5 50. c4 Rb8+ 51. Kc3 Kd6 52. Nd1 h5
53. g5 fxg5 54. hxg5 Rf8 55. Ne3 h4 56. Kb4 Rb8+ 57. Ka4 Rc8 58. Ka5 h3 59. f6
gxf6 60. gxf6 Ra8 61. Rh2 Rf8 62. Ng4 Kc5 63. Nxe5 Kd6 64. Ng4 Kc5 65. Rc2 Nh5
66. Kxa6 Nxf6 67. Nxf6 Rxf6+ 68. Kb7 Rg6 69. Rh2 Rg3 70. a4 Kxc4 71. Kc6 Kb4
72. d6 Ka5 73. d7 Rd3 74. Rxh3 Rxh3 75. d8=Q+ Kxa4 76. Qd1+ Rb3 77. Kc5 1-0

[Event "Quebec op U2000"]
[Site "Montreal CAN"]
[Date "2016.07.28"]
[Round "7.11"]
[White "Villeneuve, Benoit"]
[Black "Martel, Paul"]
[Result "1-0"]
[WhiteElo "1795"]
[BlackElo "1714"]
[PlyCount "49"]
[EventDate "2016.07.23"]
[EventType "swiss"]
[EventRounds "8"]
[EventCountry "CAN"]

1. e4 d6 2. d4 Nf6 3. Nc3 g6 4. h3 Bg7 5. Nf3 O-O 6. Bd3 c6 7. O-O Nbd7 8. Re1
e5 9. dxe5 Nxe5 10. Bg5 h6 11. Bf4 Nh5 12. Be3 f5 13. Nxe5 dxe5 14. exf5 Bxf5
15. Bxf5 Rxf5 16. Qxd8+ Rxd8 17. g4 Rf3 18. gxh5 gxh5 19. Kg2 Rf6 20. Ne4 Rg6+
21. Kh2 Kf7 22. Rad1 Bf6 23. Nxf6 Rxd1 24. Rxd1 Kxf6 25. Rd6+ 1-0

[Event "Quebec op U2000"]
[Site "Montreal CAN"]
[Date "2016.07.28"]
[Round "7.12"]
[White "O'Neill, Brendon"]
[Black "El-Adraoui, Mourad"]
[Result "0-1"]
[WhiteElo "1699"]
[BlackElo "1768"]
[PlyCount "94"]
[EventDate "2016.07.23"]
[EventType "swiss"]
[EventRounds "8"]
[EventCountry "CAN"]

1. e4 c5 2. Nf3 Nc6 3. d4 cxd4 4. Nxd4 g6 5. Be3 Bg7 6. Nc3 Nf6 7. Be2 O-O 8.
Qd2 d6 9. f3 Bd7 10. g4 Qa5 11. g5 Nh5 12. f4 Bxd4 13. Bxh5 Bxc3 14. bxc3 gxh5
15. Kf2 Qa4 16. Qd3 Nd8 17. Rhb1 Rc8 18. Rb4 Qc6 19. Bxa7 Qxc3 20. Qxc3 Rxc3
21. Rb2 Bc6 22. Re1 Ne6 23. Re3 Rc4 24. f5 Nc5 25. Bxc5 dxc5 26. Kf3 Ra8 27. c3
Ra3 28. Rd2 Kg7 29. f6+ exf6 30. gxf6+ Kxf6 31. Kf4 Raxc3 32. Rxc3 Rxc3 33. e5+
Ke7 34. Kg5 Re3 35. Kxh5 Rxe5+ 36. Kh6 Be4 37. Re2 c4 38. Re3 f5 39. Kg5 Ra5
40. a3 b5 41. Kh6 Kf6 42. Kxh7 Ke5 43. Kg7 f4 44. Rc3 f3 45. h4 f2 46. Rc1 Rxa3
47. h5 Rg3+ 0-1

[Event "Quebec op U2000"]
[Site "Montreal CAN"]
[Date "2016.07.28"]
[Round "7.13"]
[White "Moore, Ronald"]
[Black "Nica, Ion"]
[Result "0-1"]
[WhiteElo "1684"]
[BlackElo "1753"]
[PlyCount "76"]
[EventDate "2016.07.23"]
[EventType "swiss"]
[EventRounds "8"]
[EventCountry "CAN"]

1. d4 g6 2. e4 Bg7 3. f4 d6 4. Nf3 Bg4 5. c3 c6 6. Be2 Nd7 7. Be3 Qb6 8. Qc1 h5
9. Nbd2 Ngf6 10. Qc2 Qc7 11. h3 Bxf3 12. Nxf3 d5 13. e5 Ne4 14. Ng5 Nxg5 15.
fxg5 e6 16. O-O c5 17. Qd2 Rf8 18. a4 O-O-O 19. Rfc1 Nb6 20. b3 Kb8 21. a5 Nc8
22. a6 b6 23. dxc5 bxc5 24. b4 c4 25. Bc5 Rfe8 26. Ra5 Bxe5 27. Rb5+ Nb6 28.
Bxb6 axb6 29. Qe3 Ka7 30. Re1 Bf4 31. Qd4 e5 32. Qd1 Be3+ 33. Kh1 d4 34. Bf3 e4
35. Be2 dxc3 36. Qa1 Bd2 37. Rf1 c2 38. Bxc4 Qxc4 0-1

[Event "Quebec op U2000"]
[Site "Montreal CAN"]
[Date "2016.07.28"]
[Round "7.14"]
[White "Gauthier, Luc"]
[Black "Deschamps, Richard"]
[Result "0-1"]
[WhiteElo "1775"]
[BlackElo "1905"]
[PlyCount "50"]
[EventDate "2016.07.23"]
[EventType "swiss"]
[EventRounds "8"]
[EventCountry "CAN"]

1. e4 c5 2. Nc3 g6 3. f4 Nc6 4. Nf3 Bg7 5. Bb5 Nd4 6. O-O a6 7. Bc4 b5 8. Bd5
Rb8 9. d3 e6 10. Bb3 a5 11. a3 Nxb3 12. cxb3 Ne7 13. Qe2 d5 14. e5 b4 15. Na4
Qc7 16. Qc2 Rb5 17. Nd4 Rb7 18. Nxc5 Qb6 19. Be3 Rc7 20. Rfc1 f6 21. exf6 Bxf6
22. Qf2 Rxc5 23. Rxc5 Qxc5 24. Rc1 Qd6 25. Nb5 Qd7 0-1

[Event "Quebec op U2000"]
[Site "Montreal CAN"]
[Date "2016.07.28"]
[Round "7.15"]
[White "Guipi Bopala, Prince Eric jr"]
[Black "Kozlov, Guennadi"]
[Result "1/2-1/2"]
[WhiteElo "1816"]
[BlackElo "1747"]
[PlyCount "140"]
[EventDate "2016.07.23"]
[EventType "swiss"]
[EventRounds "8"]
[EventCountry "CAN"]

1. d4 d5 2. c4 c6 3. Nc3 e6 4. e3 Nf6 5. Nf3 Bd6 6. Qc2 O-O 7. b3 Nbd7 8. Bb2
Re8 9. Be2 dxc4 10. bxc4 e5 11. O-O exd4 12. exd4 Nf8 13. h3 Ne6 14. Rfe1 Bb4
15. Rad1 Nf4 16. Bf1 Be6 17. Qb3 Ba5 18. Bc1 Qc7 19. Ne5 Ng6 20. Nxg6 hxg6 21.
Bd2 Rad8 22. Ne2 Bxd2 23. Rxd2 b5 24. Ng3 Qf4 25. Red1 Rb8 26. Qc2 bxc4 27.
Bxc4 Bd5 28. Bxd5 cxd5 29. Rd3 Re7 30. Rf3 Qd6 31. Rc3 Rbe8 32. Rc8 Qb4 33.
Rxe8+ Rxe8 34. Ne2 Qb5 35. Ng3 Rb8 36. Rc1 Qb2 37. Qc7 a5 38. Rc2 Qb4 39. Rc1
a4 40. a3 Qb3 41. Qe7 Re8 42. Qc5 Qd3 43. Qb4 Qb3 44. Qxb3 axb3 45. Rb1 Rb8 46.
f3 b2 47. Ne2 Rb3 48. a4 Ra3 49. Rxb2 Rxa4 50. Rb8+ Kh7 51. Rf8 Ra7 52. Kf2 g5
53. g4 Kg6 54. Ng3 Ra2+ 55. Kg1 Ra1+ 56. Kf2 Ra2+ 57. Kf1 Ra1+ 58. Kf2 Ra2+ 59.
Ne2 Ra4 60. Kg3 Ra2 61. Nc3 Ra3 62. Nb5 Ne4+ 63. Kg2 Ra2+ 64. Kg1 Nd2 65. Kg2
Nc4+ 66. Kg1 Nd2 67. Kg2 Rb2 68. Nc7 Ne4+ 69. Kg1 Nd2 70. Kg2 Ne4+ 1/2-1/2

[Event "Quebec op U2000"]
[Site "Montreal CAN"]
[Date "2016.07.28"]
[Round "7.16"]
[White "Armstrong, Robert J"]
[Black "Chevalier, Francois"]
[Result "0-1"]
[WhiteElo "1735"]
[BlackElo "1779"]
[PlyCount "68"]
[EventDate "2016.07.23"]
[EventType "swiss"]
[EventRounds "8"]
[EventCountry "CAN"]

1. g3 d5 2. Bg2 Nf6 3. c4 e6 4. Qb3 c6 5. cxd5 exd5 6. d3 Be7 7. Nc3 O-O 8. Bf4
Nbd7 9. Rc1 Qb6 10. Qxb6 axb6 11. Nf3 b5 12. a3 Nb6 13. O-O h6 14. e4 dxe4 15.
dxe4 Be6 16. Bc7 Nc4 17. Rc2 Rac8 18. Bf4 Rfd8 19. Ne5 g5 20. Bxg5 hxg5 21. Nf3
g4 22. Ng5 Kg7 23. Nxe6+ fxe6 24. Re1 e5 25. f4 Bc5+ 26. Kh1 Bd4 27. fxe5 Bxe5
28. Bf1 Bxc3 29. Rxc3 Ne5 30. Rcc1 Rd2 31. Re2 Rcd8 32. Rce1 Nf3 33. Rxd2 Rxd2
34. Re2 Nxe4 0-1

[Event "Quebec op U2000"]
[Site "Montreal CAN"]
[Date "2016.07.28"]
[Round "7.17"]
[White "Joyal, Bruno"]
[Black "Levasseur, Sylvain"]
[Result "1-0"]
[WhiteElo "1925"]
[BlackElo "1629"]
[PlyCount "85"]
[EventDate "2016.07.23"]
[EventType "swiss"]
[EventRounds "8"]
[EventCountry "CAN"]

1. e4 e5 2. Nf3 Nc6 3. Bb5 a6 4. Ba4 Nf6 5. O-O b5 6. Bb3 Be7 7. Re1 O-O 8. c3
d6 9. h3 Na5 10. Bc2 c5 11. d4 Qc7 12. d5 Nc4 13. b3 Nb6 14. Nbd2 c4 15. Bb2
Bd7 16. Nf1 Ne8 17. Ne3 g6 18. Qd2 Bf6 19. h4 h5 20. g3 Kg7 21. Bc1 Rh8 22. Kg2
Bd8 23. Bd1 a5 24. Be2 a4 25. bxc4 bxc4 26. Ba3 Nf6 27. Ng5 Be7 28. Rab1 Rhb8
29. Rb4 Rb7 30. Nxc4 Nxc4 31. Rxc4 Qa5 32. Rb4 Rab8 33. Reb1 Qc7 34. Rxb7 Rxb7
35. Rxb7 Qxb7 36. Qb2 Qxb2 37. Bxb2 Ne8 38. Nf3 Nc7 39. c4 Na8 40. Nd2 f6 41.
f4 exf4 42. gxf4 Kf7 43. Bd4 1-0

[Event "Quebec op U2000"]
[Site "Montreal CAN"]
[Date "2016.07.28"]
[Round "7.18"]
[White "Molloy, Francis"]
[Black "Brunet, Guy"]
[Result "1/2-1/2"]
[WhiteElo "1527"]
[BlackElo "1625"]
[PlyCount "120"]
[EventDate "2016.07.23"]
[EventType "swiss"]
[EventRounds "8"]
[EventCountry "CAN"]

1. Nf3 d5 2. d4 Bf5 3. c4 Nf6 4. Nc3 c6 5. e3 e6 6. Nh4 Be4 7. f3 Bg6 8. Nxg6
hxg6 9. Qb3 Qc7 10. Bd2 Bd6 11. h3 Bg3+ 12. Kd1 Bd6 13. c5 Be7 14. Be1 Nbd7 15.
Ne2 b6 16. cxb6 axb6 17. Rc1 c5 18. a3 c4 19. Qc2 b5 20. Bg3 Bd6 21. Bxd6 Qxd6
22. Nc3 b4 23. axb4 Qxb4 24. Rb1 Rb8 25. Na2 Qb3 26. Qxb3 Rxb3 27. Nc1 Rb7 28.
b3 Ke7 29. Kc2 Rhb8 30. Be2 Nh5 31. Bd1 Ng3 32. Re1 Nf6 33. Ne2 Nxe2 34. Rxe2
Rxb3 35. Rxb3 Rxb3 36. e4 Kd7 37. Kc1 Rd3 38. e5 Nh5 39. Ba4+ Kc7 40. Be8 Rxd4
41. Bxf7 Nf4 42. Ra2 Nd3+ 43. Kb1 Nxe5 44. Bxe6 Kd6 45. Ra6+ Ke7 46. Kc2 Rd3
47. f4 Nd7 48. Bxd7 Kxd7 49. Rxg6 Re3 50. Rxg7+ Ke6 51. Rg5 d4 52. h4 Re2+ 53.
Kd1 Rf2 54. Re5+ Kf6 55. Re4 Rxg2 56. Rxd4 Rh2 57. Rxc4 Rxh4 58. Ke2 Rh3 59.
Kf2 Kf5 60. Kg2 Ra3 1/2-1/2

[Event "Quebec op U2000"]
[Site "Montreal CAN"]
[Date "2016.07.28"]
[Round "7.19"]
[White "Sharpe, Michael"]
[Black "Parenteau, Francois"]
[Result "0-1"]
[WhiteElo "1617"]
[BlackElo "1696"]
[PlyCount "102"]
[EventDate "2016.07.23"]
[EventType "swiss"]
[EventRounds "8"]
[EventCountry "CAN"]

1. c4 e6 2. Nc3 d5 3. d4 Nf6 4. Nf3 Be7 5. Bf4 O-O 6. cxd5 Nxd5 7. Nxd5 exd5 8.
a3 c6 9. h3 Bf5 10. e3 Re8 11. Bd3 Bxd3 12. Qxd3 Nd7 13. O-O a5 14. b3 Nf6 15.
Nd2 Bd6 16. Bxd6 Qxd6 17. Rfe1 g6 18. Rec1 Ne4 19. Nxe4 Rxe4 20. Qc2 f5 21. Re1
Rae8 22. Qd2 b6 23. b4 axb4 24. axb4 Kg7 25. Ra6 Qd8 26. Ra7+ R8e7 27. Rea1 Qd6
28. g3 g5 29. Kg2 h5 30. Qe2 Kh6 31. Rxe7 Qxe7 32. Ra6 Qxb4 33. Qc2 Qb5 34. Ra2
c5 35. Rb2 Qc6 36. dxc5 bxc5 37. Qb1 Re6 38. Qxf5 Rf6 39. Qe5 d4+ 40. e4 d3 41.
Qc3 c4 42. f3 g4 43. h4 gxf3+ 44. Kf2 Kg6 45. e5 Qc5+ 46. Kf1 Re6 47. Rb4 Qe3
48. Rb2 Qxe5 49. Qd2 Qe2+ 50. Qxe2 fxe2+ 51. Ke1 c3 0-1

[Event "Quebec op U2000"]
[Site "Montreal CAN"]
[Date "2016.07.28"]
[Round "7.20"]
[White "Kay, Sang Kil"]
[Black "Dubreuil, Raymond"]
[Result "1-0"]
[WhiteElo "1574"]
[BlackElo "1637"]
[PlyCount "89"]
[EventDate "2016.07.23"]
[EventType "swiss"]
[EventRounds "8"]
[EventCountry "CAN"]

1. e4 c5 2. Nf3 e6 3. d4 cxd4 4. Nxd4 Nf6 5. Nc3 d6 6. Bg5 Be7 7. Bd3 Nc6 8.
Nxc6 bxc6 9. O-O O-O 10. Kh1 e5 11. f4 Ng4 12. Bxe7 Qxe7 13. Qe1 exf4 14. Rxf4
Qe5 15. Qg3 g5 16. Rxg4 Bxg4 17. Qxg4 h6 18. Rf1 Rab8 19. Nd1 Kg7 20. Qd7 Qc5
21. Rf5 Qb4 22. Qxc6 Qe1+ 23. Rf1 Qb4 24. a3 Qd4 25. Qd7 Rbd8 26. Qf5 Qe5 27.
Qf2 Rd7 28. Ne3 f6 29. Nc4 Qc5 30. Ne3 Qe5 31. Qf3 Rdf7 32. Nf5+ Kg6 33. Nxd6
Rd7 34. Nc4 Qc5 35. b4 Qe7 36. Ne3 Qe5 37. Be2 Rc7 38. Qh5+ Kh7 39. Ng4 Qe7 40.
Qxh6+ Kg8 41. Nxf6+ Rxf6 42. Rxf6 Qd8 43. Rg6+ Kf7 44. Qh7+ Kf8 45. Rg8# 1-0

[Event "Quebec op U2000"]
[Site "Montreal CAN"]
[Date "2016.07.28"]
[Round "7.21"]
[White "Mathews, Theo"]
[Black "Cisse, Lamine"]
[Result "0-1"]
[WhiteElo "1588"]
[BlackElo "1898"]
[PlyCount "68"]
[EventDate "2016.07.23"]
[EventType "swiss"]
[EventRounds "8"]
[EventCountry "CAN"]

1. e4 c6 2. Nf3 d5 3. exd5 cxd5 4. d4 Nc6 5. Nc3 e6 6. Bb5 Bd7 7. O-O Be7 8.
Re1 f5 9. Bxc6 bxc6 10. Ne5 Nf6 11. Qe2 Rc8 12. Nxd7 Qxd7 13. Qxe6 Qxe6 14.
Rxe6 Ne4 15. Nxe4 Kd7 16. Re5 fxe4 17. Rf5 g6 18. Rf4 Ke6 19. h4 h5 20. f3 Bd6
21. fxe4 Bxf4 22. exd5+ cxd5 23. Bxf4 Rxc2 24. Rd1 Rf8 25. g3 Rfc8 26. Re1+ Kf7
27. Re5 Re8 28. Rxe8 Kxe8 29. Bb8 a6 30. a3 Kd7 31. Ba7 Rxb2 32. Bc5 Ke6 33.
Kf1 Kf5 34. Ke1 Ke4 0-1

[Event "Quebec op U2000"]
[Site "Montreal CAN"]
[Date "2016.07.29"]
[Round "8.27"]
[White "Ivakhin, Mikhail"]
[Black "Blanchet, Robert"]
[Result "1-0"]
[WhiteElo "1853"]
[BlackElo "1767"]
[PlyCount "45"]
[EventDate "2016.07.23"]
[EventType "swiss"]
[EventRounds "8"]
[EventCountry "CAN"]

1. d4 Nf6 2. e3 e6 3. f4 b6 4. Nf3 Bb7 5. Bd3 Be7 6. O-O h5 7. Nbd2 Ng4 8. Nc4
d6 9. a4 Nd7 10. h3 f5 11. Qe2 Ndf6 12. Ng5 Qd7 13. c3 Ne4 14. Bxe4 fxe4 15.
hxg4 g6 16. b4 Bd5 17. Nd2 Bxg5 18. fxg5 e5 19. c4 hxg4 20. cxd5 g3 21. Qb5
O-O-O 22. Qxd7+ Rxd7 23. Nxe4 1-0

[Event "Quebec op U2000"]
[Site "Montreal CAN"]
[Date "2016.07.29"]
[Round "8.28"]
[White "Messier, David"]
[Black "Pare, Marc"]
[Result "0-1"]
[WhiteElo "1719"]
[BlackElo "1867"]
[PlyCount "122"]
[EventDate "2016.07.23"]
[EventType "swiss"]
[EventRounds "8"]
[EventCountry "CAN"]

1. e4 d5 2. exd5 Nf6 3. d4 Nxd5 4. Nf3 g6 5. c4 Nb6 6. Be2 Bg7 7. O-O O-O 8.
Nc3 Bg4 9. h3 Bxf3 10. Bxf3 Nc6 11. c5 Nc8 12. d5 Nd4 13. Be3 Nf5 14. Bf4 a6
15. Re1 Na7 16. a4 Qd7 17. c6 Qd8 18. cxb7 Rb8 19. Be3 Nxe3 20. Rxe3 Re8 21.
Qe2 Rxb7 22. d6 c6 23. Rd1 e6 24. Qxa6 Qb8 25. d7 Rd8 26. Bxc6 Rb6 27. Qd3 Nxc6
28. Qd6 Ne5 29. Qxb8 Rbxb8 30. Nb5 Nc4 31. Rb3 Nxb2 32. Rd2 Nxa4 33. Ra2 Nc5
34. Rba3 Rxd7 35. Na7 Ra8 36. Ra5 Nb3 37. R5a3 Nc5 38. Ra5 Ne4 39. Nc6 Rxa5 40.
Rxa5 Bf6 41. Ra4 Rd1+ 42. Kh2 Nxf2 43. Rf4 Rh1+ 44. Kg3 Rf1 45. Rxf2 Bh4+ 46.
Kxh4 Rxf2 47. Kg3 Rc2 48. Ne5 Kg7 49. Kf3 f6 50. Nd3 e5 51. Ne1 Rc4 52. g4 Rc3+
53. Kg2 Re3 54. Nf3 Kf7 55. h4 Rc3 56. g5 e4 57. Nd4 Rc4 58. Ne2 Rc2 59. Kf2 f5
60. Ke3 Rxe2+ 61. Kxe2 f4 0-1

[Event "Quebec op U2000"]
[Site "Montreal CAN"]
[Date "2016.07.29"]
[Round "8.29"]
[White "Filiatrault, Marc"]
[Black "Brassard, Sylvain"]
[Result "1-0"]
[WhiteElo "1871"]
[BlackElo "1842"]
[PlyCount "91"]
[EventDate "2016.07.23"]
[EventType "swiss"]
[EventRounds "8"]
[EventCountry "CAN"]

1. e4 Nf6 2. e5 Nd5 3. d4 d6 4. f4 dxe5 5. fxe5 Nc6 6. c3 Bf5 7. Nf3 e6 8. Bd3
Bg6 9. O-O Be7 10. a3 Bh5 11. Qe1 Bg6 12. Qe2 Bxd3 13. Qxd3 g5 14. c4 Nb6 15.
Be3 g4 16. Ne1 f5 17. exf6 Bxf6 18. Nc2 Qe7 19. Nc3 O-O-O 20. Rad1 Ne5 21. Qe2
Nexc4 22. Bc1 Rhg8 23. Ne4 Bh8 24. b3 Nd6 25. Nc5 Rde8 26. Rde1 Rg6 27. Bb2 Nd5
28. a4 h5 29. Na3 Nf5 30. Qb5 Nd6 31. Qa5 Kb8 32. Nb5 Nc8 33. Rc1 c6 34. Na3 b6
35. Na6+ Kb7 36. Qd2 e5 37. dxe5 Kxa6 38. Qd3+ Kb7 39. Qxg6 Bxe5 40. Qxc6+ Kb8
41. Rfe1 Bxh2+ 42. Kh1 Ne3 43. Bf6 Qf8 44. Nc4 Nd6 45. Nxd6 Bxd6 46. Bg5 1-0

[Event "Quebec op U2000"]
[Site "Montreal CAN"]
[Date "2016.07.29"]
[Round "8.30"]
[White "De Lagrave, Sylvain"]
[Black "Jacques, Simon"]
[Result "1-0"]
[WhiteElo "1895"]
[BlackElo "1625"]
[PlyCount "83"]
[EventDate "2016.07.23"]
[EventType "swiss"]
[EventRounds "8"]
[EventCountry "CAN"]

1. e4 e6 2. d4 d5 3. e5 c5 4. c3 Nc6 5. Nf3 Qb6 6. a3 cxd4 7. cxd4 Nh6 8. Nc3
Bd7 9. Na4 Qc7 10. b4 Nf5 11. Bb2 Be7 12. Rc1 Qd8 13. Nc5 Bxc5 14. dxc5 O-O 15.
Bd3 Nh4 16. g3 Nxf3+ 17. Qxf3 Qg5 18. Qe2 Nd4 19. Qe3 Qxe3+ 20. fxe3 Nf5 21.
Ke2 Rfd8 22. Bd4 Nxd4+ 23. exd4 a6 24. Rc3 Rf8 25. Rf1 f6 26. Rf4 Rf7 27. Ke3
fxe5 28. dxe5 Rd8 29. Bxh7+ Kxh7 30. Rxf7 d4+ 31. Kxd4 Be8+ 32. Ke3 Bxf7 33. c6
bxc6 34. Rxc6 Ra8 35. Kd4 Kg6 36. g4 a5 37. b5 Rd8+ 38. Rd6 Rxd6+ 39. exd6 Be8
40. b6 Kf6 41. b7 e5+ 42. Kc5 1-0

[Event "Quebec op U2000"]
[Site "Montreal CAN"]
[Date "2016.07.29"]
[Round "8.31"]
[White "Morin, Louis"]
[Black "Lamoureux, Yvon"]
[Result "1-0"]
[WhiteElo "1907"]
[BlackElo "1662"]
[PlyCount "41"]
[EventDate "2016.07.23"]
[EventType "swiss"]
[EventRounds "8"]
[EventCountry "CAN"]

1. e4 d6 2. d4 Nf6 3. Nc3 g6 4. Be3 Bg7 5. f3 c6 6. Qd2 Nbd7 7. O-O-O a6 8. Nh3
h6 9. Nf2 Qc7 10. h4 b5 11. Nd3 Nb6 12. e5 Nc4 13. exf6 Bxf6 14. Qf2 Nxe3 15.
Qxe3 Bd7 16. Nf4 e6 17. d5 e5 18. dxc6 Qxc6 19. Nfd5 Bd8 20. Ne4 Rc8 21. Nb4
1-0

[Event "Quebec op U2000"]
[Site "Montreal CAN"]
[Date "2016.07.29"]
[Round "8.32"]
[White "Langlois-Remillard, Alexis"]
[Black "Petit, Raymond"]
[Result "1-0"]
[WhiteElo "1850"]
[BlackElo "1848"]
[PlyCount "63"]
[EventDate "2016.07.23"]
[EventType "swiss"]
[EventRounds "8"]
[EventCountry "CAN"]

1. b3 e5 2. Bb2 d6 3. e3 Nf6 4. c4 Be7 5. Nc3 O-O 6. Nf3 Re8 7. Qc2 Nbd7 8. d4
exd4 9. Nxd4 Nc5 10. O-O-O Bg4 11. f3 Bh5 12. g4 Bg6 13. e4 c6 14. h4 Nxg4 15.
fxg4 Bxh4 16. Nf5 Bg5+ 17. Kb1 Re6 18. Bd3 Qc7 19. Nxg7 Re5 20. Nf5 Rae8 21. b4
Nxd3 22. Qxd3 R5e6 23. Qd4 Bf6 24. Qd2 Be5 25. Ne2 Rd8 26. Nf4 Ree8 27. Nxg6
fxg6 28. Nh6+ Kg7 29. Rdf1 Rf8 30. Bxe5+ dxe5 31. Qg5 Qd7 32. Qxe5+ 1-0